[Event "2nd Asian Nations Team Cup U14 2019"]
[Site "Shenzhen"]
[Date "2019.12.25"]
[Round "9.1"]
[White "Yeoh, Yuan Hui"]
[Black "Yin, Richard"]
[Result "1-0"]
[WhiteElo "1738"]
[BlackElo "1427"]
[Annotator "NA RC"]
[PlyCount "129"]
[EventDate "2019.12.19"]
[EventType "team-tourn"]
[EventCountry "CHN"]
[SourceTitle "playchess.com"]
[Source "ChessBase"]
[SourceQuality "1"]
[WhiteTeam "Malaysia"]
[BlackTeam "Hong Kong"]
[WhiteTeamCountry "MAS"]
[BlackTeamCountry "HKG"]
[TimeControl "5400+30"]

1. d4 {[%emt 0:00:00]} d5 {[%emt 0:00:00]} 2. Nc3 {[%emt 0:00:00]} Nf6 {[%emt 0:00:00]} 3. Bg5 {[%emt 0:00:00]} e6 {[%emt 0:13:55]} 4. e4 {[%emt 0:00:00]} Be7 {[%emt 0:00:16]} 5. e5 {[%emt 0:00:00]} Nfd7 {[%emt 0:00:39]} 6. Bxe7 {[%emt 0:00:00]} Qxe7 {[%emt 0:00:17]} 7. f4 {[%emt 0:00:03]} a6 {[%emt 0:01:47]} 8. Nf3 {[%emt 0:00:06]} c5 {[%emt 0:01:03]} 9. Bd3 {[%emt 0:00:08]} Nc6 {[%emt 0:01:14]} 10. dxc5 {[%emt 0:00:50]} Nxc5 {[%emt 0:01:07]} 11. O-O {[%emt 0:01:18]} h6 {[%emt 0:00:28]} 12. a3 {[%emt 0:03:26]} O-O {[%emt 0:02:55]} 13. Ne2 {[%emt 0:02:58]} b5 {[%emt 0:05:50]} 14. Ned4 {[%emt 0:02:11]} Nxd4 {[%emt 0:00:26]} 15. Nxd4 {[%emt 0:00:45]} Bd7 {[%emt 0:00:26]} 16. Kh1 {[%emt 0:01:11]} f6 {[%emt 0:05:59]} 17. Nf3 {[%emt 0:11:49]} Be8 {[%emt 0:01:56]} 18. Qe1 {[%emt 0:03:13]} Bh5 {[%emt 0:06:34]} 19. Nd4 {[%emt 0:09:59]} f5 {[%emt 0:09:50]} 20. Qb4 {[%emt 0:03:39]} Qc7 {[%emt 0:02:47]} 21. Qd2 {[%emt 0:04:59]} Rfe8 {[%emt 0:06:48]} 22. b3 {[%emt 0:10:39]} Rac8 {[%emt 0:03:43]} 23. Rfc1 {[%emt 0:02:25]} Qb6 {[%emt 0:03:04]} 24. c3 {[%emt 0:04:04]} Rc7 {[%emt 0:04:43]} 25. a4 {[%emt 0:07:52]} bxa4 {[%emt 0:00:53]} 26. b4 {[%emt 0:00:06]} Nxd3 {[%emt 0:02:02]} 27. Qxd3 {[%emt 0:00:19]} Rec8 {[%emt 0:01:47]} 28. Rxa4 {[%emt 0:06:00]} Rc4 {[%emt 0:00:40]} 29. Raa1 {[%emt 0:01:48]} Qxb4 {[%emt 0:04:56]} 30. Nxe6 {[%emt 0:06:43]} Rxc3 {[%emt 0:01:02]} 31. Rxc3 {[%emt 0:00:08]} Qxc3 {[%emt 0:01:03]} 32. Qxc3 {[%emt 0:00:06]} Rxc3 {[%emt 0:00:02]} 33. h3 {[%emt 0:01:13]} Be2 {[%emt 0:02:11]} 34. Nd4 {[%emt 0:00:15]} Bd3 {[%emt 0:00:18]} 35. Ra5 {[%emt 0:00:26]} Be4 {[%emt 0:01:35]} 36. Rxa6 {[%emt 0:00:43]} Rd3 {[%emt 0:00:21]} 37. e6 {[%emt 0:06:53]} Rxd4 {[%emt 0:02:37]} 38. Ra8+ {[%emt 0:00:08]} Kh7 {[%emt 0:00:03]} 39. e7 {[%emt 0:00:23]} Rd1+ {[%emt 0:00:04]} 40. Kh2 {[%emt 0:00:07]} Rd2 {[%emt 0:00:40]} 41. Kg1 {[%emt 0:02:46]} d4 {[%emt 0:02:21]} 42. e8=Q {[%emt 0:01:25]} Rxg2+ {[%emt 0:00:00]} 43. Kf1 {[%emt 0:00:05]} Bxa8 {[%emt 0:00:00]} 44. Qxa8 {[%emt 0:00:07]} Rg3 {[%emt 0:00:00]} 45. Qd5 {[%emt 0:00:53]} g6 {[%emt 0:00:25]} 46. Qd7+ {[%emt 0:01:01]} Kg8 {[%emt 0:00:18]} 47. Qd8+ {[%emt 0:00:36]} Kh7 {[%emt 0:00:07]} 48. Qe7+ {[%emt 0:00:16]} Kg8 {[%emt 0:00:43]} 49. Qh4 {[%emt 0:01:06]} Re3 {[%emt 0:01:43]} 50. Qxh6 {[%emt 0:00:41]} Re6 {[%emt 0:00:24]} 51. Qg5 {[%emt 0:00:15]} Kh7 {[%emt 0:01:07]} 52. Qh4+ {[%emt 0:00:15]} Kg7 {[%emt 0:00:05]} 53. Qd8 {[%emt 0:00:48]} Re4 {[%emt 0:01:03]} 54. Qd6 {[%emt 0:00:37]} Kh7 {[%emt 0:00:02]} 55. Kf2 {[%emt 0:00:22]} Kg7 {[%emt 0:00:53]} 56. Kg3 {[%emt 0:01:11]} Re3+ {[%emt 0:00:46]} 57. Kh4 {[%emt 0:00:58]} Kf7 {[%emt 0:02:11]} 58. Qxd4 {[%emt 0:00:09]} Re4 {[%emt 0:00:02]} 59. Qd6 {[%emt 0:00:19]} Re6 {[%emt 0:00:18]} 60. Qd7+ {[%emt 0:01:02]} Kf6 {[%emt 0:00:33]} 61. Qd4+ {[%emt 0:00:09]} Ke7 {[%emt 0:00:47]} 62. Kg5 {[%emt 0:00:04]} Kf7 {[%emt 0:00:14]} 63. Qd7+ {[%emt 0:00:10]} Re7 {[%emt 0:00:05]} 64. Qd5+ {[%emt 0:00:16]} Kg7 {[%emt 0:00:23]} 65. Qd6 {[%emt 0:00:09]} 1-0

[Event "2nd Asian Nations Team Cup U14 2019"]
[Site "Shenzhen"]
[Date "2019.12.25"]
[Round "9.2"]
[White "Lam, Chun Yung Samuel"]
[Black "Foo, Jiu Yarng Clarance"]
[Result "0-1"]
[WhiteElo "1288"]
[BlackElo "1654"]
[Annotator "NA RC"]
[PlyCount "70"]
[EventDate "2019.12.19"]
[EventType "team-tourn"]
[EventCountry "CHN"]
[SourceTitle "playchess.com"]
[Source "ChessBase"]
[SourceQuality "1"]
[WhiteTeam "Hong Kong"]
[BlackTeam "Malaysia"]
[WhiteTeamCountry "HKG"]
[BlackTeamCountry "MAS"]
[TimeControl "5400+30"]

1. Nf3 {[%emt 0:00:00]} d5 {[%emt 0:00:04]} 2. g3 {[%emt 0:00:00]} Nf6 {[%emt 0:02:13]} 3. Bg2 {[%emt 0:00:00]} Bf5 {[%emt 0:01:33]} 4. O-O {[%emt 0:00:13]} e6 {[%emt 0:00:36]} 5. d3 {[%emt 0:00:06]} Be7 {[%emt 0:00:18]} 6. Nbd2 {[%emt 0:00:06]} O-O {[%emt 0:00:30]} 7. Qe1 {[%emt 0:00:08]} c6 {[%emt 0:01:06]} 8. e4 {[%emt 0:00:11]} dxe4 {[%emt 0:00:45]} 9. dxe4 {[%emt 0:00:07]} Bg6 {[%emt 0:00:10]} 10. Qe2 {[%emt 0:00:22]} Nbd7 {[%emt 0:00:27]} 11. e5 {[%emt 0:26:03]} Nd5 {[%emt 0:00:40]} 12. Ne4 {[%emt 0:00:28]} Qc7 {[%emt 0:02:15]} 13. Neg5 {[%emt 0:02:46]} h6 {[%emt 0:00:45]} 14. Nh3 {[%emt 0:00:15]} Nb4 {[%emt 0:02:49]} 15. Nf4 {[%emt 0:01:08]} Bh7 {[%emt 0:01:04]} 16. Nd3 {[%emt 0:02:18]} Nxd3 {[%emt 0:00:47]} 17. cxd3 {[%emt 0:00:09]} Rfd8 {[%emt 0:04:24]} 18. d4 {[%emt 0:08:46]} Nb6 {[%emt 0:01:11]} 19. Be3 {[%emt 0:01:26]} Nd5 {[%emt 0:00:50]} 20. Rfd1 {[%emt 0:00:24]} Rac8 {[%emt 0:00:28]} 21. Nd2 {[%emt 0:00:54]} b6 {[%emt 0:01:44]} 22. Qg4 {[%emt 0:05:00]} Bf5 {[%emt 0:07:33]} 23. Qh5 {[%emt 0:01:07]} c5 {[%emt 0:05:52]} 24. Rac1 {[%emt 0:01:17]} Qb8 {[%emt 0:02:44]} 25. Bxd5 {[%emt 0:02:29]} Rxd5 {[%emt 0:00:25]} 26. dxc5 {[%emt 0:00:36]} Bxc5 {[%emt 0:00:33]} 27. Bxc5 {[%emt 0:00:13]} Rdxc5 {[%emt 0:05:54]} 28. Rxc5 {[%emt 0:04:38]} Rxc5 {[%emt 0:00:21]} 29. f4 {[%emt 0:00:05]} Rc2 {[%emt 0:02:19]} 30. Nb3 {[%emt 0:01:03]} Qc7 {[%emt 0:10:54]} 31. Nd4 {[%emt 0:01:50]} Rxb2 {[%emt 0:00:40]} 32. Nxf5 {[%emt 0:00:43]} exf5 {[%emt 0:00:44]} 33. Qxf5 {[%emt 0:00:21]} Qc5+ {[%emt 0:00:11]} 34. Kh1 {[%emt 0:00:06]} Qc6+ {[%emt 0:00:07]} 35. Kg1 {[%emt 0:02:16]} Qg2# {[%emt 0:00:07]} 0-1

[Event "2nd Asian Nations Team Cup U14 2019"]
[Site "Shenzhen"]
[Date "2019.12.25"]
[Round "9.3"]
[White "Lee, Ryan"]
[Black "Li, Yucheng Robinson"]
[Result "1/2-1/2"]
[WhiteElo "1615"]
[BlackElo "1185"]
[Annotator "NA RC"]
[PlyCount "168"]
[EventDate "2019.12.19"]
[EventType "team-tourn"]
[EventCountry "CHN"]
[SourceTitle "playchess.com"]
[Source "ChessBase"]
[SourceQuality "1"]
[WhiteTeam "Malaysia"]
[BlackTeam "Hong Kong"]
[WhiteTeamCountry "MAS"]
[BlackTeamCountry "HKG"]
[TimeControl "5400+30"]

1. d4 {[%emt 0:00:00]} d5 {[%emt 0:00:00]} 2. c4 {[%emt 0:00:00]} e6 {[%emt 0:00:00]} 3. Nc3 {[%emt 0:00:00]} Nf6 {[%emt 0:00:00]} 4. cxd5 {[%emt 0:00:00]} exd5 {[%emt 0:00:00]} 5. Bg5 {[%emt 0:00:00]} Be7 {[%emt 0:00:16]} 6. e3 {[%emt 0:00:00]} c6 {[%emt 0:00:06]} 7. Bd3 {[%emt 0:00:00]} O-O {[%emt 0:00:34]} 8. Qc2 {[%emt 0:00:02]} h6 {[%emt 0:01:01]} 9. Bh4 {[%emt 0:00:08]} Nbd7 {[%emt 0:01:40]} 10. Nge2 {[%emt 0:00:35]} b5 {[%emt 0:00:51]} 11. O-O {[%emt 0:02:05]} Bb7 {[%emt 0:01:51]} 12. f3 {[%emt 0:03:39]} a6 {[%emt 0:02:18]} 13. e4 {[%emt 0:02:09]} dxe4 {[%emt 0:00:00]} 14. fxe4 {[%emt 0:00:22]} c5 {[%emt 0:06:28]} 15. dxc5 {[%emt 0:06:00]} Nxc5 {[%emt 0:00:00]} 16. Bxf6 {[%emt 0:01:14]} Bxf6 {[%emt 0:00:00]} 17. Rad1 {[%emt 0:00:58]} Qb6 {[%emt 0:00:00]} 18. Kh1 {[%emt 0:01:00]} Rac8 {[%emt 0:00:00]} 19. Qb1 {[%emt 0:03:35]} Nxd3 {[%emt 0:00:00]} 20. Qxd3 {[%emt 0:03:06]} Rfd8 {[%emt 0:01:54]} 21. Qg3 {[%emt 0:05:16]} Bxc3 {[%emt 0:00:00]} 22. Nxc3 {[%emt 0:00:42]} Rxd1 {[%emt 0:00:00]} 23. Rxd1 {[%emt 0:00:22]} Qe6 {[%emt 0:00:42]} 24. Qd3 {[%emt 0:08:49]} Qc4 {[%emt 0:01:45]} 25. h3 {[%emt 0:05:36]} b4 {[%emt 0:01:34]} 26. Nd5 {[%emt 0:01:47]} Qxd3 {[%emt 0:00:24]} 27. Rxd3 {[%emt 0:00:09]} Rc4 {[%emt 0:00:11]} 28. e5 {[%emt 0:01:08]} Re4 {[%emt 0:01:09]} 29. Ne7+ {[%emt 0:09:33]} Kh7 {[%emt 0:00:16]} 30. Rd7 {[%emt 0:01:26]} Ba8 {[%emt 0:00:08]} 31. Rd8 {[%emt 0:01:58]} Rxe5 {[%emt 0:00:26]} 32. Rxa8 {[%emt 0:00:25]} Rxe7 {[%emt 0:00:09]} 33. Rxa6 {[%emt 0:00:03]} Re2 {[%emt 0:00:21]} 34. b3 {[%emt 0:00:19]} f6 {[%emt 0:00:26]} 35. Ra4 {[%emt 0:00:41]} Kg6 {[%emt 0:00:10]} 36. Rxb4 {[%emt 0:00:16]} Rxa2 {[%emt 0:00:09]} 37. Kh2 {[%emt 0:00:33]} Kf5 {[%emt 0:00:11]} 38. Kg3 {[%emt 0:00:24]} g5 {[%emt 0:00:08]} 39. Kf3 {[%emt 0:00:36]} h5 {[%emt 0:01:26]} 40. Rb5+ {[%emt 0:01:26]} Ke6 {[%emt 0:00:36]} 41. g4 {[%emt 0:00:31]} hxg4+ {[%emt 0:00:36]} 42. hxg4 {[%emt 0:01:22]} Rc2 {[%emt 0:00:00]} 43. Rb8 {[%emt 0:02:28]} Ke5 {[%emt 0:00:26]} 44. Rb5+ {[%emt 0:00:39]} Kd4 {[%emt 0:01:31]} 45. Rb6 {[%emt 0:01:24]} Rc3+ {[%emt 0:00:14]} 46. Kf2 {[%emt 0:00:25]} Ke5 {[%emt 0:01:43]} 47. Ke2 {[%emt 0:07:12]} Kf4 {[%emt 0:00:17]} 48. Rb4+ {[%emt 0:00:27]} Ke5 {[%emt 0:00:20]} 49. Kd2 {[%emt 0:00:46]} Rc5 {[%emt 0:09:46]} 50. Ra4 {[%emt 0:15:08]} f5 {[%emt 0:00:00]} 51. gxf5 {[%emt 0:01:39]} Kxf5 {[%emt 0:00:00]} 52. b4 {[%emt 0:01:07]} Rc8 {[%emt 0:00:00]} 53. b5 {[%emt 0:01:16]} Ke5 {[%emt 0:00:00]} 54. Rg4 {[%emt 0:01:12]} Rg8 {[%emt 0:00:00]} 55. Kc3 {[%emt 0:01:25]} Kd6 {[%emt 0:00:00]} 56. Kb4 {[%emt 0:00:31]} Kc7 {[%emt 0:00:00]} 57. Kc5 {[%emt 0:00:34]} Rg6 {[%emt 0:00:00]} 58. Re4 {[%emt 0:01:21]} Rg7 {[%emt 0:00:00]} 59. Ra4 {[%emt 0:00:15]} Kb8 {[%emt 0:00:00]} 60. Rg4 {[%emt 0:02:59]} Kb7 {[%emt 0:02:55]} 61. Ra4 {[%emt 0:00:41]} Rc7+ {[%emt 0:00:21]} 62. Kb4 {[%emt 0:03:28]} Rc1 {[%emt 0:00:00]} 63. Ka5 {[%emt 0:01:19]} Rb1 {[%emt 0:00:00]} 64. Rg4 {[%emt 0:00:34]} Ra1+ {[%emt 0:00:00]} 65. Kb4 {[%emt 0:00:08]} Rb1+ {[%emt 0:00:00]} 66. Kc4 {[%emt 0:00:10]} Rc1+ {[%emt 0:00:00]} 67. Kd4 {[%emt 0:00:36]} Kb6 {[%emt 0:00:00]} 68. Rxg5 {[%emt 0:00:27]} Rb1 {[%emt 0:00:00]} 69. Kc4 {[%emt 0:01:48]} Rc1+ {[%emt 0:01:41]} 70. Kd4 {[%emt 0:03:56]} Rb1 {[%emt 0:00:00]} 71. Kc4 {[%emt 0:00:06]} Rc1+ {[%emt 0:00:00]} 72. Kb4 {[%emt 0:00:12]} Rb1+ {[%emt 0:00:08]} 73. Ka4 {[%emt 0:00:09]} Ra1+ {[%emt 0:00:00]} 74. Kb3 {[%emt 0:00:13]} Rb1+ {[%emt 0:00:00]} 75. Ka4 {[%emt 0:00:06]} Ra1+ {[%emt 0:00:00]} 76. Kb4 {[%emt 0:00:06]} Rb1+ {[%emt 0:00:00]} 77. Kc4 {[%emt 0:03:31]} Rc1+ {[%emt 0:00:00]} 78. Kd4 {[%emt 0:00:30]} Rb1 {[%emt 0:00:00]} 79. Rg8 {[%emt 0:01:26]} Rxb5 {[%emt 0:00:00]} 80. Kc4 {[%emt 0:00:06]} Rc5+ {[%emt 0:00:00]} 81. Kd4 {[%emt 0:00:11]} Rh5 {[%emt 0:00:00]} 82. Rg6+ {[%emt 0:00:12]} Kc7 {[%emt 0:00:00]} 83. Rg7+ {[%emt 0:00:10]} Kd6 {[%emt 0:00:00]} 84. Ra7 {[%emt 0:00:09]} Kc6 {[%emt 0:00:00] Kd5+} 1/2-1/2

[Event "2nd Asian Nations Team Cup U14 2019"]
[Site "Shenzhen"]
[Date "2019.12.25"]
[Round "9.4"]
[White "Huang, Yuen Tung"]
[Black "Foo, Jing Er Claire"]
[Result "0-1"]
[WhiteElo "1293"]
[BlackElo "1546"]
[Annotator "NA RC"]
[PlyCount "88"]
[EventDate "2019.12.19"]
[EventType "team-tourn"]
[EventCountry "CHN"]
[SourceTitle "playchess.com"]
[Source "ChessBase"]
[SourceQuality "1"]
[WhiteTeam "Hong Kong"]
[BlackTeam "Malaysia"]
[WhiteTeamCountry "HKG"]
[BlackTeamCountry "MAS"]
[TimeControl "5400+30"]

1. e4 c5 {[%emt 0:01:11]} 2. Nf3 {[%emt 0:00:06]} d6 {[%emt 0:00:05]} 3. Bb5+ {[%emt 0:00:05]} Nd7 {[%emt 0:00:06]} 4. O-O {[%emt 0:00:10]} a6 {[%emt 0:00:03]} 5. Bxd7+ {[%emt 0:00:24]} Qxd7 {[%emt 0:00:57]} 6. Nc3 {[%emt 0:00:17]} e6 {[%emt 0:00:29]} 7. d4 {[%emt 0:02:02]} cxd4 {[%emt 0:00:19]} 8. Qxd4 {[%emt 0:00:56]} e5 {[%emt 0:00:47]} 9. Qd3 {[%emt 0:00:14]} Nf6 {[%emt 0:01:40]} 10. h3 {[%emt 0:01:38]} Be7 {[%emt 0:00:00]} 11. Be3 {[%emt 0:01:01]} O-O {[%emt 0:00:03]} 12. Rfd1 {[%emt 0:05:57]} h6 {[%emt 0:14:21]} 13. a4 {[%emt 0:13:50]} Rb8 {[%emt 0:00:00]} 14. Nd2 {[%emt 0:12:22]} Qc6 {[%emt 0:17:25]} 15. Nc4 {[%emt 0:00:55]} Be6 {[%emt 0:07:55]} 16. Nb6 {[%emt 0:13:49]} Nd7 {[%emt 0:00:00]} 17. Nbd5 {[%emt 0:06:43]} Bd8 {[%emt 0:00:02]} 18. Nb4 {[%emt 0:00:47]} Qc4 {[%emt 0:02:20]} 19. Qxc4 {[%emt 0:00:53]} Bxc4 {[%emt 0:00:06]} 20. Rxd6 {[%emt 0:01:24]} Nf6 {[%emt 0:01:47]} 21. Rdd1 {[%emt 0:01:44]} Ba5 {[%emt 0:01:57]} 22. Bc5 {[%emt 0:04:58]} Rfe8 {[%emt 0:00:11]} 23. f3 {[%emt 0:01:08]} Rbc8 {[%emt 0:02:50]} 24. Bd6 {[%emt 0:01:40]} Rcd8 {[%emt 0:01:24]} 25. Nba2 {[%emt 0:03:19]} Bb6+ {[%emt 0:00:49]} 26. Kh2 {[%emt 0:00:37]} Bd4 {[%emt 0:00:39]} 27. Bb4 {[%emt 0:01:08]} b6 {[%emt 0:07:02]} 28. b3 {[%emt 0:04:01]} Be6 {[%emt 0:00:00]} 29. Rab1 {[%emt 0:00:21]} Rc8 {[%emt 0:04:25]} 30. Rd2 {[%emt 0:06:20]} a5 {[%emt 0:03:36]} 31. Nb5 {[%emt 0:03:48]} axb4 {[%emt 0:00:00]} 32. Nd6 {[%emt 0:01:02]} Red8 {[%emt 0:00:00]} 33. Nxc8 {[%emt 0:00:32]} Rxc8 {[%emt 0:00:23]} 34. Re2 {[%emt 0:08:02]} Nh5 {[%emt 0:00:11]} 35. g3 {[%emt 0:00:00]} Bc3 {[%emt 0:01:24]} 36. Rd1 {[%emt 0:02:20]} Rc6 {[%emt 0:01:27]} 37. Rd3 {[%emt 0:04:57]} Bc8 {[%emt 0:02:12]} 38. Nxc3 {[%emt 0:00:51]} bxc3 {[%emt 0:00:12]} 39. Ree3 {[%emt 0:00:00]} Ba6 {[%emt 0:06:13]} 40. Rxc3 {[%emt 0:00:00]} Rd6 {[%emt 0:02:35]} 41. h4 {[%emt 0:01:20]} Rd2+ {[%emt 0:00:00]} 42. Kg1 {[%emt 0:03:15]} Nxg3 {[%emt 0:02:35]} 43. Rc6 {[%emt 0:00:37]} Bf1 {[%emt 0:03:33]} 44. Rxb6 {[%emt 0:00:00]} Rg2# {[%emt 0:00:21]} 0-1

[Event "2nd Asian Nations Team Cup U14 2019"]
[Site "Shenzhen"]
[Date "2019.12.25"]
[Round "9.5"]
[White "Batbold, Nyamsuren"]
[Black "Hou, Yifan b"]
[Result "0-1"]
[WhiteElo "1963"]
[BlackElo "2124"]
[Annotator "TA"]
[PlyCount "104"]
[EventDate "2019.12.19"]
[EventType "team-tourn"]
[EventCountry "CHN"]
[SourceTitle "playchess.com"]
[Source "ChessBase"]
[SourceQuality "1"]
[WhiteTeam "Mongolia"]
[BlackTeam "China"]
[WhiteTeamCountry "MGL"]
[BlackTeamCountry "CHN"]

{[%evp 15,104,25,20,9,44,40,46,4,14,-3,33,17,15,16,43,22,37,32,40,47,53,50,39,39,48,43,25,-8,0,0,0,-17,-30,-44,0,0,0,0,0,0,0,0,0,0,0,0,10,0,0,-86,-53,-49,-39,-45,-15,-15,-10,-10,-10,-10,-5,-27,-14,-36,-14,-19,-34,-30,-22,-33,-47,-96,-97,-281,-279,-270,-260,-256,-103,-103,-166,-137,-168,-221,-195,-372,-408,-1364,-1062,-718,-811]} 1. d4 f5 2. g3 Nf6 3. Bg2 e6 4. c4 d5 5. Nc3 c6 6. Nf3 Bd6 7. Qc2 O-O 8. O-O Qe7 9. a3 {A90: Dutch Defence: Miscellaneous and Modern Stonewall (with ...Bd6)} (9. Rb1 Bd7 10. c5 Bc7 11. b4 Ne4 12. Nxe4 fxe4 13. Bg5 Qf7 14. Ne5 Bxe5 15. dxe5 Be8 16. f3 Nd7 17. fxe4 {½-½ (48) Wojtaszek,R (2750)-Sadzikowski,D (2588) Warsaw 2018}) 9... Bd7 10. Rb1 Be8 11. Bf4 $146 {White is slightly better.} ({Predecessor:} 11. b4 a6 12. Na4 Nbd7 13. Nc5 Ra7 14. Nd3 Bh5 15. Bf4 dxc4 16. Qxc4 Nd5 17. Bxd6 Qxd6 {1-0 (52) Pham,C (2393)-Duong,T (2320) Bac Giang 2017}) 11... Nbd7 12. e3 Ne4 13. c5 Bb8 14. b4 a6 15. a4 (15. Bxb8 {looks sharper.} Rxb8 16. Ne5 Nxc3 17. Qxc3 Nxe5 18. dxe5 g5 19. f4) 15... e5 16. dxe5 Nxe5 17. Nxe5 Bxe5 18. Bxe5 Qxe5 19. Ne2 g5 20. f3 Nf6 21. Qc3 (21. Rb3 {seems wilder.} Bd7 22. Qd2 Rae8 23. Rc1 Qe7 24. Nd4) 21... Qxc3 22. Nxc3 Bg6 23. Rb2 Rfe8 24. Kf2 Nd7 25. f4 Nf6 {And now ...Ng4+ would win.} 26. Bf3 Ng4+ 27. Bxg4 $1 fxg4 28. Re1 Kg7 29. Ne2 Bd3 30. Nd4 Kf6 31. Rd1 Bc4 32. Nb3 (32. b5 $11 {remains equal.} gxf4 33. exf4) 32... Bxb3 $17 33. Rxb3 gxf4 34. exf4 {[%mdl 4096] Endgame KRR-KRR} Re4 35. Re1 Kf5 36. Rbe3 $1 Rd8 37. R1e2 $1 Rd7 38. Ke1 Rxb4 39. Re6 $1 {[%csl Ge6,Gf4][%cal Re2e5]} Re4 40. R2xe4 dxe4 $11 {KR-KR} 41. Re5+ Kf6 42. Rxe4 a5 {Strongly threatening ...Re7.} 43. Ke2 Rd5 44. Rc4 $2 (44. Re8 $17 {was called for.}) 44... Rh5 $19 45. Rd4 Rxh2+ 46. Kf1 Rc2 (46... Rb2 $19 47. Rd6+ Kf5) 47. Rd7 $17 h5 (47... Rxc5 $17 {White must now prevent ...b5.} 48. Rxb7 h5) 48. Rxb7 $19 Rxc5 49. Ra7 {[#]} (49. Rh7 $142) 49... Kf5 $1 50. Re7 $2 {[#]} (50. Kf2) 50... h4 $1 {[%mdl 512]} 51. Rg7 (51. gxh4 $142 Kxf4 52. Kg2) 51... Ke4 {Hoping for ...Kf3.} 52. gxh4 Kf3 {Accuracy: White = 43%, Black = 61%.} 0-1

[Event "2nd Asian Nations Team Cup U14 2019"]
[Site "Shenzhen"]
[Date "2019.12.25"]
[Round "9.6"]
[White "Meng, Yihan"]
[Black "Erkhes, Bayartnar"]
[Result "0-1"]
[WhiteElo "1787"]
[BlackElo "1937"]
[Annotator "NA RC"]
[PlyCount "128"]
[EventDate "2019.12.19"]
[EventType "team-tourn"]
[EventCountry "CHN"]
[SourceTitle "playchess.com"]
[Source "ChessBase"]
[SourceQuality "1"]
[WhiteTeam "China"]
[BlackTeam "Mongolia"]
[WhiteTeamCountry "CHN"]
[BlackTeamCountry "MGL"]
[TimeControl "5400+30"]

{[%evp 10,122,25,12,22,32767,32767,13,32767,12,20,32767,19,0,0,0,0,-7,0,-52,-42,-36,-50,-93,-26,-33,-22,-55,-1,0,0,0,0,-40,-19,-57,-27,-54,-14,-42,0,-145,-168,-127,-87,-158,-77,-52,-72,-67,-78,-79,-61,-237,-235,-498,-139,-133,-128,32767,32767,32767,32767,32767,32767,32767,32767,32767,-12,-467,-108,-85,-83,-87,-106,-115,-131,-96,-60,-74,0,-115,-75,-134,-152,32767,32767,32767,32767,32767,32767,32767,-345,-448,-290,-302,-409,-397,-474,32767,32767,32767,32767,-485,-550,-561,-537,-2098,-9094,-29984,-29987,-29988,-29990,-29986,-29991]} 1. e4 {[%emt 0:00:00]} e5 {[%emt 0:00:00]} 2. Nf3 {[%emt 0:00:00]} Nc6 {[%emt 0:00:00]} 3. Bc4 {[%emt 0:00:00]} Bc5 {[%emt 0:00:00]} 4. c3 {[%emt 0:00:00]} Nf6 {[%emt 0:00:00]} 5. d3 {[%emt 0:00:00]} d6 {[%emt 0:00:00]} 6. O-O {[%emt 0:00:00]} h6 {[%emt 0:00:14]} 7. b4 {[%emt 0:00:28]} Bb6 {[%emt 0:00:05]} 8. a4 {[%emt 0:00:14]} a5 {[%emt 0:00:39] C54: Giuoco Piano: 4 c3 Nf6, main lines with 5 d4 and 5 d3} 9. b5 {[%emt 0:00:51]} Ne7 {[%emt 0:00:08]} 10. Nbd2 {[%emt 0:00:58]} O-O {[%emt 0:01:04]} 11. Bb3 {[%emt 0:00:56]} (11. Re1 Ng6 12. Bb3 Re8 13. Nc4 Bc5 14. h3 c6 15. Bd2 Be6 16. bxc6 bxc6 {½-½ (31) Nakamura,H (2793)-Xiong,J (2674) Saint Louis 2017}) 11... Ng6 {[%emt 0:01:26]} 12. Nc4 {[%emt 0:01:30]} Ba7 {[%emt 0:06:50]} 13. Ra2 $146 {[%emt 0:07:15]} ({Predecessor:} 13. Be3 c6 14. Bxa7 Rxa7 15. Ne3 Qd7 {½-½ (45) Goncharov,I (2399)-Aupi Royo,J (2385) ICCF email 2013}) 13... c6 {[%emt 0:11:23]} 14. Bd2 {[%emt 0:06:43]} ({White should try} 14. Ba3 $11 Bb8 15. Re1) 14... Re8 {[%emt 0:02:18]} 15. Re1 $1 {[%emt 0:01:56]} Qc7 {[%emt 0:13:19]} 16. Ne3 {[%emt 0:04:21]} (16. Be3 $15 Bxe3 17. Nxe3) 16... Bxe3 {[%emt 0:03:16]} (16... Nf4 $17 17. Qc2 Bd7) 17. Bxe3 {[%emt 0:05:36]} d5 {[%emt 0:04:30]} 18. Qc2 {[%emt 0:09:45]} Bg4 {[%emt 0:04:32]} 19. Nd2 $1 {[%emt 0:01:36]} Rad8 {[%emt 0:12:39]} 20. f3 {[%emt 0:00:42]} Be6 {[%emt 0:03:36]} 21. Qb2 {[%emt 0:13:22]} c5 {[%emt 0:04:37]} 22. Raa1 {[%emt 0:10:01]} b6 {[%emt 0:01:41]} 23. Rac1 {[%emt 0:00:53]} Qd7 {[%emt 0:11:23]} 24. g3 {[%emt 0:01:39]} Qb7 {[%emt 0:11:02]} 25. c4 {[%emt 0:06:57] [#]} (25. Rcd1 $11) 25... d4 $1 {[%emt 0:00:57]} 26. Bf2 {[%emt 0:00:04]} Qc7 {[%emt 0:00:24]} 27. Rcd1 {[%emt 0:03:41]} ({White should try} 27. h4) 27... Nh7 {[%emt 0:01:35]} (27... Bh3 $142 28. Ra1 Nh7) 28. h4 {[%emt 0:00:12]} f5 {[%emt 0:00:56]} 29. exf5 {[%emt 0:00:35]} Bxf5 {[%emt 0:00:07]} 30. Ne4 {[%emt 0:00:06]} Rf8 {[%emt 0:02:41]} 31. Rd2 $2 {[%emt 0:00:46]} (31. Qe2 $17 {keeps fighting.}) 31... Bxe4 {[%emt 0:00:07]} 32. fxe4 $2 {[%emt 0:00:02]} (32. Rxe4 {might work better.} Rxf3 33. Bd1) 32... Nf6 $2 {[%emt 0:00:48]} (32... Qc8 $19 33. Kh2 Nf6) 33. Bd1 {[%emt 0:02:33]} Qd7 {[%emt 0:00:14]} 34. Kg2 {[%emt 0:00:10]} Ng4 {[%emt 0:00:29]} 35. Qc2 {[%emt 0:02:53]} Rxf2+ {[%emt 0:00:30]} 36. Rxf2 {[%emt 0:00:14]} Ne3+ {[%emt 0:00:54]} 37. Rxe3 {[%emt 0:00:43]} dxe3 {[%emt 0:00:04]} 38. Rf5 {[%emt 0:02:00]} Ne7 {[%emt 0:03:53]} 39. Rxe5 $2 {[%emt 0:01:16] [#]} (39. Rf1 $1 $11) 39... Rf8 $2 (39... Qd6 $1 $19 {[%cal Rd6e5] is more deadly.} 40. Rh5 g6) 40. Bf3 {[%emt 0:00:48]} Qd6 {[%emt 0:00:48]} 41. Rxe7 {[%emt 0:02:56]} Qxe7 {[%emt 0:00:03]} 42. Qe2 {[%emt 0:00:01]} Qe5 {[%emt 0:00:15]} 43. Qxe3 {[%emt 0:00:07]} Qb2+ {[%emt 0:00:12]} 44. Kh3 {[%emt 0:01:32]} Qe5 {[%emt 0:00:27]} (44... Qd4 $15 45. Qxd4 cxd4) 45. Kg2 $1 {[%emt 0:01:03]} Re8 {[%emt 0:00:15]} 46. Qd2 {[%emt 0:01:58]} Rd8 {[%emt 0:00:30]} 47. Qe3 {[%emt 0:03:03]} Qb2+ {[%emt 0:00:54]} 48. Be2 {[%emt 0:02:28]} Re8 {[%emt 0:00:46]} 49. Kh3 {[%emt 0:00:38]} Qa1 {[%emt 0:00:12]} 50. Bf3 {[%emt 0:01:21]} Qxa4 {[%emt 0:00:56]} 51. Bh5 {[%emt 0:01:24]} Re7 {[%emt 0:01:01]} 52. Qf4 {[%emt 0:02:21] [#]} Qa1 $1 {[%emt 0:00:01]} 53. Qb8+ {[%emt 0:01:21]} Kh7 {[%emt 0:00:03]} 54. Qd6 {[%emt 0:00:05]} Qh1+ {[%emt 0:00:19]} 55. Kg4 {[%emt 0:00:03]} Qd1+ {[%emt 0:00:06]} 56. Kh3 {[%emt 0:00:34]} Qf1+ {[%emt 0:00:04]} 57. Kh2 {[%emt 0:00:17]} Qf6 {[%emt 0:00:25]} 58. Bg6+ {[%emt 0:00:19]} Kxg6 {[%emt 0:00:07]} 59. h5+ {[%emt 0:00:24]} Kh7 {[%emt 0:00:06]} 60. Qd8 {[%emt 0:00:08]} Qf2+ {[%emt 0:00:18]} 61. Kh3 {[%emt 0:00:07]} Re5 {[%emt 0:00:46]} 62. Qxb6 {[%emt 0:00:16]} Rxh5+ {[%emt 0:00:07]} 63. Kg4 {[%emt 0:00:04]} Rg5+ {[%emt 0:00:03]} 64. Kh3 {[%emt 0:00:10]} Qxg3# {[%emt 0:00:01]} 0-1